Southville International School and Colleges
Your cart is empty.
  • Cart
  • Lists
    Public lists Eva Luna New books Lux_list list_1
    Your lists Log in to create your own lists
  • Log in to your account
  • Your cookies
  • Search history
Southville International School and Colleges
  • Advanced search
  • Recent comments
  • Most popular
  • Libraries

Log in to your account

Log in with GOOGLE


If you do not have an external account, but do have a local account, you can still log in:

  1. Home
  2. MARC view: Medical-surgical nursing /
Normal view MARC view ISBD view

Medical-surgical nursing / (Record no. 284727)

[ view plain ]
MARC details
000 -LEADER
fixed length control field 00831nam a22002530 4500
001 - CONTROL NUMBER
control field ocn0397547757
003 - CONTROL NUMBER IDENTIFIER
control field PILC
005 - DATE AND TIME OF LATEST TRANSACTION
control field 20150905085807.0
008 - FIXED-LENGTH DATA ELEMENTS--GENERAL INFORMATION
fixed length control field /0/1
020 ## - INTERNATIONAL STANDARD BOOK NUMBER
International Standard Book Number 0397552122
050 ## - LIBRARY OF CONGRESS CALL NUMBER
Classification number RT 52
Item number .L765 1996
110 2# - MAIN ENTRY--CORPORATE NAME
Corporate name or jurisdiction name as entry element J.B. Lippincott Company.
245 10 - TITLE STATEMENT
Title Medical-surgical nursing /
Statement of responsibility, etc edited by Ray A. Hagrove-Huttel.
250 ## - EDITION STATEMENT
Edition statement 2nd ed.
260 ## - PUBLICATION, DISTRIBUTION, ETC. (IMPRINT)
Place of publication, distribution, etc Philadelphia :
Name of publisher, distributor, etc J.B. Lippincott,
Date of publication, distribution, etc 1996.
300 ## - PHYSICAL DESCRIPTION
Extent xiv, 798 pages :
Other physical details illustrations ;
Dimensions 24 cm.
440 ## - SERIES STATEMENT/ADDED ENTRY--TITLE
Title Lippincott's review series.
500 ## - GENERAL NOTE
General note Includes index.
650 ## - SUBJECT ADDED ENTRY--TOPICAL TERM
Topical term or geographic name as entry element Nursing
General subdivision Examinations, questions, etc.
650 ## - SUBJECT ADDED ENTRY--TOPICAL TERM
Topical term or geographic name as entry element Nursing
General subdivision Outlines, syllabi, etc.
650 ## - SUBJECT ADDED ENTRY--TOPICAL TERM
Topical term or geographic name as entry element Surgical nursing
General subdivision Examinations, questions, etc.
650 ## - SUBJECT ADDED ENTRY--TOPICAL TERM
Topical term or geographic name as entry element Surgical nursing
General subdivision Outlines, syllabi, etc.
942 ## - ADDED ENTRY ELEMENTS (KOHA)
Source of classification or shelving scheme Library of Congress Classification
Koha item type Books
Call number prefix Foreign
Holdings
Withdrawn status Lost status Source of classification or shelving scheme Damaged status Home library Current library Shelving location Date acquired Source of acquisition Sub Shelving location Total Checkouts Total Renewals Full call number Barcode Date last seen Date checked out Price effective from Koha item type
    Library of Congress Classification   College Library College Library General Circulation Section 06/04/2015 Library Fund   1 3 RT 52 .L765 1996 C19566 05/15/2018 09/19/2017 06/04/2015 Books

Medical-surgical nursing /

APA

J.B. Lippincott Company, . (1996). Medical-surgical nursing. Philadelphia: J.B. Lippincott.

Chicago

J.B. Lippincott Company, . 1996. Medical-surgical nursing. Philadelphia: J.B. Lippincott.

Harvard

J.B. Lippincott Company, . (1996). Medical-surgical nursing. Philadelphia: J.B. Lippincott.

MLA

J.B. Lippincott Company, . Medical-surgical nursing. Philadelphia: J.B. Lippincott. 1996.

  • Place hold
  • Print
  • Cite
  • Add to your cart (remove)
  • Save record
    BIBTEX Dublin Core MARCXML MARC (non-Unicode/MARC-8) MARC (Unicode/UTF-8) MARC (Unicode/UTF-8, Standard) MODS (XML) RIS
  • More searches
    Search for this title in:
    Other Libraries (WorldCat) Other Databases (Google Scholar) Online Stores (Bookfinder.com) Open Library (openlibrary.org)

Exporting to Dublin Core...

SOUTHVILLE LIBRARY

Southville International School and Colleges Library

1281 Tropical Ave. Cor. Luxembourg St., BF Homes International, Las Pinas City

Tel. No. 8256374 / 252358 Loc. 117/146

Powered by Koha